000 00537nam a2200193Ia 4500
005 20250326140805.0
008 250326s9999 xx 000 0 und d
020 _a1-55786-504-3
037 _aTextbook
040 _aFMSL
_beng
_cFMSL
041 _aeng
_2eng
084 _aX:89Q8 N5
_qFMSL
100 _aCole W E
_9743062
245 0 _aEconomic of total quality management
_cCole W E; Mogab J W
260 _aOxford
_bOxford, BlackWell
_c1995
300 _a278p
942 _cTB
_hX:89Q8 N5
999 _c1287303
_d1287303